Europa - Länder und Territorien (mit Karte) - Statistiken

Allgemein
  • Dieses Quiz wurde 117 mal gespielt
  • Das Durchschnittsergebnis liegt bei 47 aus 60
Antworten auf der Karte
Die Antworten werden auf der Karte rot bzw. grün angezeigt, abhängig davon wie oft sie richtig erraten wurden.
 
Antwortstatistiken
Antwort % Korrekt
Island
96%
Russland
94%
Schweden
94%
Norwegen
93%
Deutschland
91%
Finnland
91%
Rumänien
91%
Ukraine
91%
England
90%
Estland
90%
Frankreich
90%
Irland
90%
Italien
90%
Lettland
90%
Litauen
90%
Polen
90%
Schottland
90%
Spanien
90%
Wales
90%
Albanien
89%
Belarus
89%
Kroatien
89%
Nordirland
89%
Portugal
89%
Serbien
89%
Belgien
88%
Bulgarien
88%
Dänemark
88%
Griechenland
88%
Kosovo
88%
Luxemburg
88%
Moldawien
88%
Niederlande
88%
Österreich
88%
Schweiz
88%
Slowakei
88%
Slowenien
88%
Tschechien
88%
Montenegro
86%
Nordmazedonien
86%
Ungarn
86%
Liechtenstein
80%
Andorra
79%
Zypern
79%
San Marino
75%
Vatikanstadt
74%
Monaco
73%
Nordzypern
65%
Malta
63%
Spitzbergen
58%
Färöer Inseln
56%
Isle of Man
53%
Bosnien-Herzegowina
48%
Transnistrien
48%
Jersey
41%
Åland
37%
Guernsey
37%
Gibraltar
33%
Tschetschenien
30%
Jan Mayen
16%
Keine übereinstimmenden Quizze gefunden
Verteilung der Resultate
Anzahl Personen mit jedem Resultat
Perzentil nach korrekt beantworteten Fragen
Ihre Resultats-Entwicklung
Sie haben dieses Quiz noch nicht gespielt